Personnalités au hasard #20 - Statistiques

Statistiques générales
  • Ce quiz a été pris 314 fois
  • Le résultat moyen est 8 sur 32
Statistiques - réponses
Par images Réponse % Correct
François Hollande
99%
Catherine Middleton
58%
Christophe Beaugrand
58%
Frida Kahlo
56%
50 Cent
54%
Jennifer Lawrence
54%
Lenny Kravitz
46%
Ponce
44%
Philippe Lellouche
40%
Jazz Correia
38%
Maggie Smith
33%
Bérengère Krief
31%
Poupette Kenza
29%
Cara Delevingne
26%
Madelyn Cline
24%
Simon Porte Jacquemus
24%
Richard Gere
20%
RuPaul
17%
Marie s'infiltre
16%
Anisha Jo
14%
Virginie Hocq
14%
Sonia Rolland
11%
Toussaint Louverture
10%
Elodie Villemus
6%
Léopold Sédar Senghor
5%
Émile Zola
3%
Kiddy Smile
3%
Nelly Furtado
3%
Simón Bolívar
3%
Nicolas Mayer-Rossignol
2%
Annie Leibovitz
1%
Paul Young
1%
Aucun quiz correspondant
Distribution des résultats
% des personnes avec chaque résultat
Percentile par nombre de réponses
Votre historique - résultats
Vous n’avez pas pris ce quiz